Sports Quiz

Random Sports or Football Quiz

Football Players In The Premiership Quiz Stats

 Plays Quiz not verified by Sporcle

Score 0/50 Timer 09:00
0 Plays Today
Hints Answers % Correct
Midfielder Manchester United EcuadorAntonio Valencia
78.4%
Goalkeeper Newcastle HollandTim Krul
75.7%
Defender Chelsea BrazilDavid Luiz
74.3%
Forward Tottenham EnglandJermain Defoe
73%
Goalkeeper Swansea HollandMichel Vorm
71.6%
Goalkeeper Stoke DenmarkThomas Sorensen
70.3%
Forward Wigan Argentina Franco Di Santo
70.3%
Goalkeeper Arsenal SpainManuel Almunia
68.9%
Attacker Manchester City Italy Mario Balotelli
67.6%
Defender Manchester City France Gael Clichy
67.6%
Forward Fulham Costa RicaBryan Ruiz
66.2%
Midfielder Sunderland Sweden Sebastian Larsson
64.9%
Midfileder Stoke HondurasWilson Palacios
64.9%
Goalkeeper Aston Villa USABrad Guzan
64.9%
Forward Liverpool EnglandAndy Carroll
63.5%
Goalkeeper Manchester United DenmarkAnders Lindegaard
63.5%
Forward Arsenal MoroccoMarouane Chamakh
62.2%
Midfielder Blackburn NorwayMorten Gamst Pedersen
60.8%
Forward Wolves Scotland Steven Fletcher
59.5%
Goalkeeper Chelsea PortugalHilario
59.5%
Defender West Brom SwedenJonas Olsson
58.1%
Defender Everton HollandJohn Heitinga
58.1%
Midfielder Bolton BulgariaMartin Petrov
58.1%
Midfielder Tottenham BrazilSandro
56.8%
Midfielder Bolton USAStuart Holden
55.4%
Hints Answers % Correct
Defender Aston Villa SpainCarlos Cuellar
55.4%
Defender Manchester City SerbiaAleksandar Kolarov
55.4%
Defender Swansea SpainAngel Rangel
54.1%
Defender Newcastle Italy Davide Santon
54.1%
Forward West Brom Nigeria Peter Odemwingie
52.7%
Attacker Everton CroatiaNikica Jelavic
52.7%
Forward Wigan ColombiaHugo Rodallega
51.4%
Midfielder Aston Villa ScotlandBarry Bannan
50%
Defender Arsenal BrazilAndre Santos
50%
Goalkeeper Liverpool BrazilDoni
48.6%
Defender Fulham Nothern IrelandChris Baird
48.6%
Midfielder Everton Republic of IrelandDarron Gibson
47.3%
Midfielder Tottenham CroatiaNiko Kranjcar
47.3%
Defender Blackburn France Gael Givet
44.6%
Midfielder Sunderland BeninStephane Sessegnon
41.9%
Midfielder Queens Park Rangers ArgentinaAlejandro Faurlin
40.5%
Midfielder Wolves Republic of IrelandStephen Hunt
39.2%
Midfielder Wigan Senegal Mohamed Diame
36.5%
Attacker Blackburn ScotlandDavid Goodwillie
36.5%
Forward Norwich CanadaSimeon Jackson
35.1%
Forward Norwich WalesSteve Morison
33.8%
Midfielder Wolves Serbia Nenad Milijas
32.4%
Defender Queens Park Rangers WalesDanny Gabbidon
31.1%
Forward Queens Park Rangers ScotlandJamie Mackie
31.1%
Defender Norwich USAZak Whitbread
20.3%

You're not logged in!

Compare scores with friends on all Sporcle quizzes.
OR
Log In

Show Comments

Extras

Top Quizzes Today


Score Distribution

Your Account Isn't Verified!

In order to create a playlist on Sporcle, you need to verify the email address you used during registration. Go to your Sporcle Settings to finish the process.

Report this User

Report this user for behavior that violates our Community Guidelines.

Details: